| 000 | 00680nam a2200205 a 4500 | ||
|---|---|---|---|
| 005 | 20220530085408.0 | ||
| 008 | 101111s1995 mx r 000 0 spa d | ||
| 020 | _a9706206906 | ||
| 035 | _aUPN01000178462 | ||
| 049 | _aCG | ||
| 050 | 4 |
_aQD11 _bC5.3 |
|
| 245 | 0 | 4 |
_aLas ciencias químicas y biológicas en la formación de un mundo nuevo / _ced. Patricia Aceves Pastrana. |
| 260 |
_aMéxico : _bUAM-Xochimilco, _c1995. |
||
| 300 | _a401 p. | ||
| 440 | 0 |
_aEstudios de historia social de las ciencias químicas y biológicas ; _v2 |
|
| 650 | 2 |
_aQuímica _xHistoria _97248 |
|
| 650 | 4 |
_aBIOLOGIA - _xHISTORIA _94536 |
|
| 700 | 1 |
_aAceves Pastrana, Patricia, _eed. |
|
| 905 | _aLibro | ||
| 999 |
_c150565 _d150565 |
||